000
00210nam a22000857a 4500
008
251010b |||||||| |||| 00| 0 eng d
020
_a
9781421554907
100
_a
Kishimoto Masashi
_9
7689
245
_a
Naruto-16,17,18
999
_c
12825
_d
12825